[Event "Calgary CICC op"]
[Site "Calgary CAN"]
[Date "2009.05.14"]
[Round "1"]
[White "Donaldson, John"]
[Black "Moloney, Nicholas"]
[Result "1/2-1/2"]
[WhiteElo "2409"]
[BlackElo "2210"]
[PlyCount "81"]
[GameId "2160767910156725"]
[EventDate "2009.05.14"]
[EventType "swiss"]
[EventRounds "9"]
[EventCountry "CAN"]
[SourceTitle "CBM 130 Extra"]
[Source "ChessBase"]
[SourceDate "2009.07.02"]
[SourceVersion "2"]
[SourceVersionDate "2009.07.15"]
[SourceQuality "1"]

1. d4 Nf6 2. c4 e6 3. g3 d5 4. Nf3 c6 5. Qc2 Bd6 6. Bg2 O-O 7. O-O Nbd7 8. Nbd2 Qe7 9. b3 Re8 10. Bb2 e5 11. cxd5 cxd5 12. dxe5 Nxe5 13. Nd4 Bg4 14. Nf5 Qc7 15. Qxc7 Bxc7 16. Nd4 Nc6 17. e3 Be5 18. N2f3 Bxf3 19. Bxf3 Nxd4 20. Bxd4 Bxd4 21. exd4 Rac8 22. Rfc1 Kf8 23. Bg2 Ke7 24. f3 Kd6 25. Kf2 Nd7 26. Bh3 Rxc1 27. Rxc1 g6 28. b4 Nb6 29. Bf1 Rc8 30. Rc5 Rc7 31. Ke3 f6 32. Bd3 Nd7 33. Rxc7 Kxc7 34. h4 Nf8 35. f4 f5 36. h5 Kd6 37. Bc2 Ke6 38. h6 Nd7 39. g4 Nf6 40. g5 Ne4 41. Ba4 1/2-1/2

[Event "Calgary CICC op"]
[Site "Calgary CAN"]
[Date "2009.05.14"]
[Round "1"]
[White "Gardner, Robert"]
[Black "Kustar, Sandor"]
[Result "0-1"]
[WhiteElo "2143"]
[BlackElo "2335"]
[PlyCount "118"]
[GameId "2160767910156726"]
[EventDate "2009.05.14"]
[EventType "swiss"]
[EventRounds "9"]
[EventCountry "CAN"]
[SourceTitle "CBM 130 Extra"]
[Source "ChessBase"]
[SourceDate "2009.07.02"]
[SourceVersion "2"]
[SourceVersionDate "2009.07.15"]
[SourceQuality "1"]

1. g3 c5 2. Bg2 Nc6 3. f4 d5 4. Nf3 g6 5. O-O Bg7 6. d3 Nf6 7. Nc3 d4 8. Ne4 Qb6 9. Nxf6+ Bxf6 10. e4 dxe3 11. c3 Bf5 12. Qe2 O-O-O 13. Rd1 Qa6 14. Ne1 e5 15. Bxe3 Rhe8 16. Qf2 Bg4 17. Rd2 Nd4 18. fxe5 Rxe5 19. Bf4 Re7 20. Kh1 g5 21. cxd4 Bxd4 22. Qf1 gxf4 23. Qxf4 h5 24. Be4 Qd6 25. Bf5+ Kc7 26. Qxd6+ Kxd6 27. Bxg4 hxg4 28. Kg2 Re6 29. Rad1 Rde8 30. Kf1 Rf6+ 31. Kg2 Re5 32. Nc2 Bxb2 33. d4 Re4 34. dxc5+ Kxc5 35. Ne1 Ba3 36. Nd3+ Kb5 37. Rb1+ Ka6 38. Nf4 Rb6 39. Rf1 Rb2 40. Rxb2 Bxb2 41. Nd3 Re2+ 42. Kh1 Ba3 43. Rxf7 Rxa2 44. Rf4 b5 45. Rxg4 Rd2 46. Ne5 Bb2 47. Rg6+ Kb7 48. Rg7+ Kb6 49. Nd7+ Ka5 50. Rf7 Bd4 51. Nb8 Ka4 52. Nc6 b4 53. Nxd4 Rxd4 54. Rxa7+ Kb3 55. h4 Kc3 56. Kg2 b3 57. Kf3 b2 58. Ra3+ Kb4 59. Ra8 Kb3 0-1

[Event "Calgary CICC op"]
[Site "Calgary CAN"]
[Date "2009.05.14"]
[Round "1"]
[White "Me, Kevin"]
[Black "Peter, Steven"]
[Result "0-1"]
[WhiteElo "2116"]
[BlackElo "2264"]
[PlyCount "96"]
[GameId "2160767910156730"]
[EventDate "2009.05.14"]
[EventType "swiss"]
[EventRounds "9"]
[EventCountry "CAN"]
[SourceTitle "CBM 130 Extra"]
[Source "ChessBase"]
[SourceDate "2009.07.02"]
[SourceVersion "2"]
[SourceVersionDate "2009.07.15"]
[SourceQuality "1"]

1. e4 e5 2. Nf3 Nc6 3. Bb5 a6 4. Ba4 Nf6 5. O-O b5 6. Bb3 Bc5 7. c3 d6 8. d4 Ba7 9. dxe5 Nxe5 10. Nxe5 dxe5 11. Qxd8+ Kxd8 12. Bg5 Ke7 13. Nd2 Be6 14. Nf3 h6 15. Bh4 g5 16. Bg3 Nxe4 17. Bxe5 Rhc8 18. Bxe6 Kxe6 19. Rae1 f5 20. Bg7 Kf7 21. Bd4 c5 22. Be3 Re8 23. Rd1 f4 24. Bc1 c4 25. Rd7+ Re7 26. Ne5+ Ke6 27. Rxe7+ Kxe7 28. Nc6+ Ke6 29. Nxa7 Rxa7 30. Re1 Kf5 31. g4+ fxg3 32. hxg3 Nc5 33. Be3 Re7 34. Kg2 Nd3 35. Re2 h5 36. b3 g4 37. Kf1 Re4 38. Rd2 Re7 39. Re2 Re6 40. b4 Re8 41. Kg2 h4 42. gxh4 Nf4+ 43. Kf1 Nxe2 44. Kxe2 Rh8 45. Bg5 Rh7 46. Kd2 Rd7+ 47. Ke2 Rd3 48. Bd2 Rh3 0-1

[Event "Calgary CICC op"]
[Site "Calgary CAN"]
[Date "2009.05.14"]
[Round "1"]
[White "O'Donnell, Tom"]
[Black "Neven, Knut"]
[Result "1-0"]
[WhiteElo "2370"]
[BlackElo "2199"]
[PlyCount "99"]
[GameId "2160767910156731"]
[EventDate "2009.05.14"]
[EventType "swiss"]
[EventRounds "9"]
[EventCountry "CAN"]
[SourceTitle "CBM 130 Extra"]
[Source "ChessBase"]
[SourceDate "2009.07.02"]
[SourceVersion "2"]
[SourceVersionDate "2009.07.15"]
[SourceQuality "1"]

1. c4 Nf6 2. Nc3 d5 3. cxd5 Nxd5 4. g3 g6 5. Bg2 Nxc3 6. bxc3 c5 7. Rb1 Nc6 8. Qa4 Qc7 9. Ba3 e5 10. Bxc6+ bxc6 11. Nf3 Bd6 12. d3 O-O 13. O-O h6 14. Nd2 Bh3 15. Rfe1 Be6 16. Rb2 Rab8 17. Reb1 Rxb2 18. Rxb2 f5 19. Nc4 f4 20. Nxd6 Qxd6 21. Qxa7 fxg3 22. hxg3 Rf7 23. Qxc5 Qxc5 24. Bxc5 Kg7 25. a4 Bc8 26. Rb8 Bb7 27. Re8 Kf6 28. Bd6 c5 29. Bxe5+ Kf5 30. Bd6 c4 31. dxc4 Bc6 32. Rf8 Rxf8 33. Bxf8 h5 34. a5 g5 35. f3 g4 36. Kf2 Bb7 37. e4+ Ke6 38. fxg4 hxg4 39. Ke3 Ke5 40. Bg7+ Kd6 41. Bd4 Ke6 42. Kf4 Bc6 43. a6 Ba8 44. a7 Bb7 45. e5 Bf3 46. c5 Kd7 47. c6+ Bxc6 48. Kxg4 Ke6 49. Kg5 Kf7 50. Kf5 1-0

[Event "Calgary CICC op"]
[Site "Calgary CAN"]
[Date "2009.05.14"]
[Round "1"]
[White "Pechenkin, Vladimir"]
[Black "Kazmaier, Daniel"]
[Result "1-0"]
[WhiteElo "2312"]
[BlackElo "2135"]
[PlyCount "79"]
[GameId "2160767910156732"]
[EventDate "2009.05.14"]
[EventType "swiss"]
[EventRounds "9"]
[EventCountry "CAN"]
[SourceTitle "CBM 130 Extra"]
[Source "ChessBase"]
[SourceDate "2009.07.02"]
[SourceVersion "2"]
[SourceVersionDate "2009.07.15"]
[SourceQuality "1"]

1. f4 Nf6 2. Nf3 g6 3. g3 Bg7 4. Bg2 O-O 5. d3 d6 6. e4 Nbd7 7. O-O e5 8. Kh1 c6 9. a4 a5 10. Na3 Qc7 11. Nc4 b5 12. Ne3 Nc5 13. fxe5 dxe5 14. axb5 cxb5 15. Nxe5 Qxe5 16. d4 Qe6 17. dxc5 Bb7 18. Rxf6 Bxf6 19. Nd5 Bd8 20. Bh6 Re8 21. c3 Ra6 22. Qd4 Qe5 23. Bf4 Qxd4 24. cxd4 Rae6 25. e5 Kg7 26. Kg1 g5 27. Bd2 Bxd5 28. Bxd5 Ra6 29. Bb7 Ra7 30. Bc6 Re6 31. Bxb5 Rb7 32. Bxa5 Rxb5 33. Bxd8 Rxb2 34. Bxg5 Kg6 35. Bf4 Kf5 36. d5 Re8 37. Rc1 Ke4 38. d6 Reb8 39. c6 Rb1 40. c7 1-0

[Event "Calgary CICC op"]
[Site "Calgary CAN"]
[Date "2009.05.14"]
[Round "1"]
[White "Peng, David Yu"]
[Black "Fedorowicz, John"]
[Result "1/2-1/2"]
[WhiteElo "2245"]
[BlackElo "2485"]
[PlyCount "42"]
[GameId "2160767910156733"]
[EventDate "2009.05.14"]
[EventType "swiss"]
[EventRounds "9"]
[EventCountry "CAN"]
[SourceTitle "CBM 130 Extra"]
[Source "ChessBase"]
[SourceDate "2009.07.02"]
[SourceVersion "2"]
[SourceVersionDate "2009.07.15"]
[SourceQuality "1"]

1. e4 c5 2. Nf3 Nc6 3. d4 cxd4 4. Nxd4 Qb6 5. Nb3 Nf6 6. Nc3 e6 7. Be3 Qc7 8. Bd3 d6 9. Qe2 a6 10. f4 b5 11. O-O Be7 12. Bf2 Bb7 13. Bg3 b4 14. Nd1 a5 15. c4 bxc3 16. Nxc3 a4 17. Nb5 Qb8 18. Nd2 Nb4 19. Bc4 O-O 20. a3 Na6 21. e5 dxe5 1/2-1/2

[Event "Calgary CICC op"]
[Site "Calgary CAN"]
[Date "2009.05.15"]
[Round "2"]
[White "Fedorowicz, John"]
[Black "Donaldson, John"]
[Result "1/2-1/2"]
[WhiteElo "2485"]
[BlackElo "2409"]
[PlyCount "23"]
[GameId "2160767910156734"]
[EventDate "2009.05.14"]
[EventType "swiss"]
[EventRounds "9"]
[EventCountry "CAN"]
[SourceTitle "CBM 130 Extra"]
[Source "ChessBase"]
[SourceDate "2009.07.02"]
[SourceVersion "2"]
[SourceVersionDate "2009.07.15"]
[SourceQuality "1"]

1. d4 d5 2. c4 c6 3. Nc3 Nf6 4. cxd5 cxd5 5. Bf4 Nc6 6. e3 Bf5 7. Nf3 e6 8. Bd3 Bxd3 9. Qxd3 Bd6 10. Bxd6 Qxd6 11. O-O O-O 12. Rfc1 1/2-1/2

[Event "Calgary CICC op"]
[Site "Calgary CAN"]
[Date "2009.05.15"]
[Round "2"]
[White "Moloney, Nicholas"]
[Black "Peng, David Yu"]
[Result "1-0"]
[WhiteElo "2210"]
[BlackElo "2245"]
[PlyCount "115"]
[GameId "2160767910156739"]
[EventDate "2009.05.14"]
[EventType "swiss"]
[EventRounds "9"]
[EventCountry "CAN"]
[SourceTitle "CBM 130 Extra"]
[Source "ChessBase"]
[SourceDate "2009.07.02"]
[SourceVersion "2"]
[SourceVersionDate "2009.07.15"]
[SourceQuality "1"]

1. d4 d5 2. c4 e6 3. Nc3 c6 4. cxd5 exd5 5. Bf4 Ne7 6. e3 Ng6 7. Bg3 Bd6 8. Bd3 O-O 9. Qc2 Na6 10. a3 Be6 11. Bxd6 Qxd6 12. f4 f5 13. Bxa6 bxa6 14. Na4 Rfc8 15. Nf3 Rc7 16. Nc5 Bc8 17. O-O-O Rb8 18. Rd3 Rb5 19. Kb1 Nf8 20. Rc3 Nd7 21. Nxd7 Bxd7 22. Ne5 Be8 23. Nd3 Qe7 24. Nc5 Rb6 25. Ka2 g6 26. h4 Qf6 27. g3 Re7 28. Rc1 Qd6 29. Qd3 Qb8 30. R1c2 a5 31. Qd2 Rb5 32. Rb3 Qb6 33. Rcc3 a6 34. Rd3 Kg7 35. Na4 Qb8 36. Nc5 Qb6 37. Qc3 Kh6 38. Qc2 Kg7 39. Qc3 Kh6 40. Na4 Rxb3 41. Qxb3 Qxb3+ 42. Kxb3 Kh5 43. Nc5 Kg4 44. Ka4 Kxg3 45. Kxa5 Kxh4 46. Kxa6 h5 47. Kb6 Kg3 48. a4 h4 49. a5 h3 50. a6 h2 51. Rd1 Kg2 52. Nb7 Bd7 53. a7 Re8 54. Nc5 h1=Q 55. Rxh1 Kxh1 56. Nxd7 Ra8 57. Kb7 Rxa7+ 58. Kxa7 1-0

[Event "Calgary CICC op"]
[Site "Calgary CAN"]
[Date "2009.05.15"]
[Round "2"]
[White "Ristovic, Nenad"]
[Black "Gardner, Robert"]
[Result "1/2-1/2"]
[WhiteElo "2252"]
[BlackElo "2143"]
[PlyCount "99"]
[GameId "2160767910156743"]
[EventDate "2009.05.14"]
[EventType "swiss"]
[EventRounds "9"]
[EventCountry "CAN"]
[SourceTitle "CBM 130 Extra"]
[Source "ChessBase"]
[SourceDate "2009.07.02"]
[SourceVersion "2"]
[SourceVersionDate "2009.07.15"]
[SourceQuality "1"]

1. d4 Nf6 2. c4 e6 3. Nc3 Bb4 4. Qc2 Nc6 5. Nf3 d6 6. g3 O-O 7. Bg2 e5 8. dxe5 Nxe5 9. Nxe5 dxe5 10. O-O c6 11. a3 Be7 12. h3 Be6 13. b3 Qc7 14. Bb2 Rad8 15. Rad1 Rxd1 16. Rxd1 Rd8 17. Rxd8+ Qxd8 18. Nd1 Nd7 19. Ne3 f6 20. b4 a5 21. c5 axb4 22. axb4 g6 23. Nc4 Nb8 24. Na5 Qd7 25. Kh2 Na6 26. Bc3 Bd8 27. Nb3 Nc7 28. Bb2 Nd5 29. Qd2 Qe8 30. e4 Ne7 31. Qd3 Bc7 32. Nd2 Qa8 33. Qa3 Qd8 34. Qc3 b6 35. cxb6 Bxb6 36. Nf3 Bxf2 37. Nxe5 Qd6 38. Nc4 Bxc4 39. Qxc4+ Kg7 40. Qc3 h5 41. e5 fxe5 42. Qxe5+ Qxe5 43. Bxe5+ Kf7 44. Be4 Ke6 45. Bc3 h4 46. gxh4 Bxh4 47. Kg2 Nd5 48. Bd2 Be7 49. Bxg6 Bxb4 50. Bg5 1/2-1/2

[Event "Calgary CICC op"]
[Site "Calgary CAN"]
[Date "2009.05.15"]
[Round "3"]
[White "Donaldson, John"]
[Black "Peter, Steven"]
[Result "1/2-1/2"]
[WhiteElo "2409"]
[BlackElo "2264"]
[PlyCount "39"]
[GameId "2160767910156745"]
[EventDate "2009.05.14"]
[EventType "swiss"]
[EventRounds "9"]
[EventCountry "CAN"]
[SourceTitle "CBM 130 Extra"]
[Source "ChessBase"]
[SourceDate "2009.07.02"]
[SourceVersion "2"]
[SourceVersionDate "2009.07.15"]
[SourceQuality "1"]

1. Nf3 Nf6 2. c4 e6 3. g3 d5 4. Bg2 Be7 5. O-O O-O 6. b3 c6 7. d4 Nbd7 8. Qc2 b6 9. Rd1 Ba6 10. Nbd2 Rc8 11. e4 c5 12. exd5 exd5 13. Bb2 b5 14. cxd5 c4 15. bxc4 bxc4 16. Ne5 c3 17. Bxc3 Nxd5 18. Nc6 Rxc6 19. Bxd5 Rc8 20. Ne4 1/2-1/2

[Event "Calgary CICC op"]
[Site "Calgary CAN"]
[Date "2009.05.15"]
[Round "3"]
[White "Gardner, Robert"]
[Black "Haessel, Dale"]
[Result "1-0"]
[WhiteElo "2143"]
[BlackElo "2203"]
[PlyCount "69"]
[GameId "2160767910156746"]
[EventDate "2009.05.14"]
[EventType "swiss"]
[EventRounds "9"]
[EventCountry "CAN"]
[SourceTitle "CBM 130 Extra"]
[Source "ChessBase"]
[SourceDate "2009.07.02"]
[SourceVersion "2"]
[SourceVersionDate "2009.07.15"]
[SourceQuality "1"]

1. d4 Nf6 2. c4 g6 3. Nc3 d5 4. h4 c6 5. cxd5 cxd5 6. Bf4 Bg7 7. e3 Nc6 8. Be2 Qa5 9. Qd2 O-O 10. h5 Bf5 11. hxg6 hxg6 12. f3 Nh5 13. Bh2 Bd7 14. g4 Nf6 15. Bf4 Rfc8 16. Bd1 b5 17. Bb3 b4 18. Nce2 Qb5 19. Ng3 a5 20. Qh2 e6 21. Bd6 Qd3 22. Kf2 g5 23. Rd1 Qg6 24. Rd2 Nd8 25. Bc5 Nb7 26. Bc2 Nxg4+ 27. fxg4 Qf6+ 28. Nf3 Nxc5 29. dxc5 Rxc5 30. Qh7+ Kf8 31. Nh5 Qxb2 32. Nxg7 Qxg7 33. Qh8+ Qg8 34. Qf6 Rac8 35. Bd1 1-0

[Event "Calgary CICC op"]
[Site "Calgary CAN"]
[Date "2009.05.15"]
[Round "3"]
[White "Kaminski, Victor"]
[Black "Fedorowicz, John"]
[Result "1/2-1/2"]
[WhiteElo "2244"]
[BlackElo "2485"]
[PlyCount "36"]
[GameId "2160767910156747"]
[EventDate "2009.05.14"]
[EventType "swiss"]
[EventRounds "9"]
[EventCountry "CAN"]
[SourceTitle "CBM 130 Extra"]
[Source "ChessBase"]
[SourceDate "2009.07.02"]
[SourceVersion "2"]
[SourceVersionDate "2009.07.15"]
[SourceQuality "1"]

1. c4 e5 2. Nc3 Bb4 3. g3 Bxc3 4. dxc3 d6 5. Bg2 Ne7 6. Nf3 Nbc6 7. e4 O-O 8. O-O Kh8 9. Qc2 Bd7 10. h3 a6 11. Rd1 Qe8 12. b3 f5 13. exf5 Nxf5 14. Ng5 Nd8 15. Ne4 Bc6 16. a4 Ne6 17. Ra2 Rd8 18. Ba3 b6 1/2-1/2

[Event "Calgary CICC op"]
[Site "Calgary CAN"]
[Date "2009.05.15"]
[Round "3"]
[White "Me, Kevin"]
[Black "Neven, Knut"]
[Result "1-0"]
[WhiteElo "2116"]
[BlackElo "2199"]
[PlyCount "93"]
[GameId "2160767910156749"]
[EventDate "2009.05.14"]
[EventType "swiss"]
[EventRounds "9"]
[EventCountry "CAN"]
[SourceTitle "CBM 130 Extra"]
[Source "ChessBase"]
[SourceDate "2009.07.02"]
[SourceVersion "2"]
[SourceVersionDate "2009.07.15"]
[SourceQuality "1"]

1. e4 e6 2. d4 d5 3. exd5 exd5 4. Bd3 Bd6 5. Qf3 c6 6. Ne2 Qf6 7. Qxf6 Nxf6 8. O-O Bg4 9. f3 Bh5 10. Bf4 Bxf4 11. Nxf4 O-O 12. Nd2 Nbd7 13. Rae1 Rfe8 14. Nb3 Bg6 15. Bxg6 hxg6 16. Kf2 b6 17. c3 a5 18. a4 g5 19. Nd3 g4 20. Ne5 gxf3 21. gxf3 Nxe5 22. dxe5 Nd7 23. f4 Nc5 24. Nxc5 bxc5 25. Kf3 Rab8 26. Rf2 Rb3 27. Kg4 g6 28. h4 Kg7 29. h5 d4 30. hxg6 fxg6 31. cxd4 cxd4 32. Rc1 Rc8 33. Rc5 Rc7 34. Rd2 d3 35. Kf3 Kf8 36. Rxa5 c5 37. Ra6 c4 38. Rxg6 Rbb7 39. f5 Rg7 40. Rc6 Rbc7 41. Rxc7 Rxc7 42. Rh2 Rc5 43. Ke4 Ra5 44. f6 Kf7 45. Kf5 Rd5 46. Rh7+ Kg8 47. Kg6 1-0

[Event "Calgary CICC op"]
[Site "Calgary CAN"]
[Date "2009.05.15"]
[Round "3"]
[White "O'Donnell, Tom"]
[Black "Kazmaier, Daniel"]
[Result "1/2-1/2"]
[WhiteElo "2370"]
[BlackElo "2135"]
[PlyCount "253"]
[GameId "2160767910156751"]
[EventDate "2009.05.14"]
[EventType "swiss"]
[EventRounds "9"]
[EventCountry "CAN"]
[SourceTitle "CBM 130 Extra"]
[Source "ChessBase"]
[SourceDate "2009.07.02"]
[SourceVersion "2"]
[SourceVersionDate "2009.07.15"]
[SourceQuality "1"]

1. e4 e6 2. d4 d5 3. Nd2 c5 4. exd5 Qxd5 5. Ngf3 cxd4 6. Bc4 Qd8 7. O-O Nc6 8. Nb3 Nf6 9. Nbxd4 Nxd4 10. Nxd4 a6 11. c3 Be7 12. Qf3 Qc7 13. Bb3 O-O 14. Re1 Bd6 15. Qh3 e5 16. Nf5 e4 17. Bg5 Qc5 18. Bxf6 Bxf5 19. Bd4 Bxh3 20. Bxc5 Bxc5 21. gxh3 Rae8 22. Rad1 Re7 23. Bd5 Rfe8 24. b4 Bb6 25. c4 Kf8 26. c5 Ba7 27. c6 e3 28. fxe3 Bxe3+ 29. Kg2 bxc6 30. Bxc6 Rc8 31. b5 axb5 32. Bxb5 f5 33. Re2 f4 34. Ba4 Rec7 35. Bb3 g6 36. Rf1 Kg7 37. Bd5 Rc5 38. Bf3 Kh6 39. h4 Rc2 40. Rfe1 R2c3 41. Bg4 R8c6 42. Rb1 Rc2 43. Rbe1 R2c3 44. Rb1 Ra6 45. Bf3 Raa3 46. Rf1 Rd3 47. Rc2 Ra5 48. Rb1 Rda3 49. Re1 Rxa2 50. Rxa2 Rxa2+ 51. Re2 Ra1 52. Rc2 Rg1+ 53. Kh3 Rf1 54. Kg2 Rg1+ 55. Kh3 Rb1 56. Kg2 Rb4 57. Kh3 Bd4 58. Re2 Rb3 59. Kg2 Bf6 60. Re4 Bxh4 61. Rxf4 Rb2+ 62. Kh1 Be7 63. Re4 Bd6 64. Re2 Rb3 65. Bd5 Rb1+ 66. Kg2 Kg5 67. Bf3 Bf4 68. Bd5 Kh4 69. Be6 h5 70. Rf2 Be3 71. Re2 Rg1+ 72. Kf3 Ba7 73. Re4+ Kg5 74. h3 Bb8 75. Bd7 Bg3 76. Bc8 Bh4 77. Re5+ Kf6 78. Re6+ Kf7 79. Re4 Rg3+ 80. Ke2 Bd8 81. Kf2 Rc3 82. Be6+ Kf6 83. Kg2 Rc6 84. Bd7 Rd6 85. Bc8 Rc6 86. Bd7 Rd6 87. Bc8 g5 88. Kg1 Kf7 89. Kg2 Bf6 90. Kg1 Kg6 91. Kg2 Rd3 92. Be6 Bd8 93. Bc8 Rc3 94. Bd7 Bc7 95. Re6+ Kg7 96. Re4 Rg3+ 97. Kh1 Bf4 98. Bc8 Kf7 99. Bd7 Bb8 100. Bc8 Rc3 101. Bd7 g4 102. hxg4 h4 103. g5 h3 104. Re1 Kg6 105. Rg1 Rc2 106. Rb1 Bf4 107. Rf1 Kxg5 108. Be6 Bg3 109. Bd5 Kh4 110. Be4 Re2 111. Bb7 Rb2 112. Bc6 Rh2+ 113. Kg1 Rc2 114. Ba8 Bd6 115. Bb7 Bc5+ 116. Kh1 Kg3 117. Rf3+ Kg4 118. Rf1 Bf2 119. Bd5 Kf4 120. Bb7 Ke3 121. Bd5 Ke2 122. Ra1 Rc5 123. Ra2+ Ke3 124. Ra3+ Ke2 125. Bf3+ Kd2 126. Kh2 Rc4 127. Kxh3 1/2-1/2

[Event "Calgary CICC op"]
[Site "Calgary CAN"]
[Date "2009.05.15"]
[Round "3"]
[White "Pechenkin, Vladimir"]
[Black "Huber, Gregory"]
[Result "1/2-1/2"]
[WhiteElo "2312"]
[BlackElo "2245"]
[PlyCount "108"]
[GameId "2160767910156752"]
[EventDate "2009.05.14"]
[EventType "swiss"]
[EventRounds "9"]
[EventCountry "CAN"]
[SourceTitle "CBM 130 Extra"]
[Source "ChessBase"]
[SourceDate "2009.07.02"]
[SourceVersion "2"]
[SourceVersionDate "2009.07.15"]
[SourceQuality "1"]

1. f4 c5 2. Nf3 Nc6 3. g3 g6 4. Bg2 Bg7 5. d3 d5 6. O-O Nf6 7. Qe1 O-O 8. h3 b5 9. e4 Bb7 10. e5 Ne8 11. Qf2 Rc8 12. a4 bxa4 13. Qxc5 Nxe5 14. Qxa7 Nxf3+ 15. Bxf3 Qd7 16. Qf2 Qxh3 17. Rxa4 Nd6 18. Bg2 Qd7 19. Rb4 Rc7 20. Kh2 h5 21. Na3 Rfc8 22. Re1 Bf6 23. Re2 h4 24. g4 Qxg4 25. Bh3 Qg3+ 26. Qxg3 hxg3+ 27. Kxg3 e6 28. Be3 Kg7 29. Bd4 Rh8 30. Be5 Bxe5 31. fxe5 Nf5+ 32. Bxf5 exf5 33. Nb5 Re7 34. Nd6 Bc8 35. Rb8 Bd7 36. Rxh8 Kxh8 37. Nxf7+ Rxf7 38. e6 Bxe6 39. Rxe6 Kg7 40. Kf4 Kh6 41. c4 dxc4 42. dxc4 Kh5 43. Re8 g5+ 44. Kf3 Rb7 45. Re2 Rb3+ 46. Kg2 f4 47. Rc2 Kh4 48. c5 f3+ 49. Kf1 Kg3 50. c6 Rd3 51. Ke1 Re3+ 52. Kf1 Rd3 53. Ke1 Re3+ 54. Kf1 Rd3 1/2-1/2

[Event "Calgary CICC op"]
[Site "Calgary CAN"]
[Date "2009.05.15"]
[Round "3"]
[White "Peng, David Yu"]
[Black "Ristovic, Nenad"]
[Result "1-0"]
[WhiteElo "2245"]
[BlackElo "2252"]
[PlyCount "51"]
[GameId "2160767910156753"]
[EventDate "2009.05.14"]
[EventType "swiss"]
[EventRounds "9"]
[EventCountry "CAN"]
[SourceTitle "CBM 130 Extra"]
[Source "ChessBase"]
[SourceDate "2009.07.02"]
[SourceVersion "2"]
[SourceVersionDate "2009.07.15"]
[SourceQuality "1"]

1. d4 d5 2. c4 c6 3. Nf3 e6 4. Qc2 Nf6 5. Bg5 Nbd7 6. Nbd2 Qa5 7. Bxf6 Nxf6 8. e3 Bd6 9. Bd3 dxc4 10. Bxc4 O-O 11. O-O Qh5 12. Rfe1 e5 13. e4 Re8 14. dxe5 Bxe5 15. Nxe5 Qxe5 16. Nf3 Qa5 17. e5 Nd5 18. Ng5 g6 19. Ne4 Kg7 20. Bxd5 cxd5 21. Nd6 Rd8 22. f4 Qb6+ 23. Kh1 Kg8 24. Rad1 Rxd6 25. exd6 Qxd6 26. Re8+ 1-0

[Event "Calgary CICC op"]
[Site "Calgary CAN"]
[Date "2009.05.16"]
[Round "4"]
[White "Haessel, Dale"]
[Black "Neven, Knut"]
[Result "1-0"]
[WhiteElo "2203"]
[BlackElo "2199"]
[PlyCount "83"]
[GameId "2160767910156754"]
[EventDate "2009.05.14"]
[EventType "swiss"]
[EventRounds "9"]
[EventCountry "CAN"]
[SourceTitle "CBM 130 Extra"]
[Source "ChessBase"]
[SourceDate "2009.07.02"]
[SourceVersion "2"]
[SourceVersionDate "2009.07.15"]
[SourceQuality "1"]

1. d4 Nf6 2. c4 g6 3. g3 Bg7 4. Bg2 d5 5. cxd5 Nxd5 6. Nf3 O-O 7. O-O Nc6 8. e4 Nb6 9. d5 Ne5 10. Nd4 c5 11. Nb3 c4 12. N3d2 e6 13. Nc3 exd5 14. Nxd5 Bg4 15. f3 Nxd5 16. exd5 Bf5 17. f4 Qb6+ 18. Kh1 Nd3 19. Nxc4 Nf2+ 20. Rxf2 Qxf2 21. Be3 Qc2 22. Qxc2 Bxc2 23. Rc1 Bf5 24. d6 Be6 25. Bxb7 Rab8 26. Bf3 Rfd8 27. b3 Bf8 28. Bxa7 Ra8 29. Bb6 Rdc8 30. Bxa8 Rxa8 31. Rd1 Bg4 32. Rd2 f6 33. d7 Bxd7 34. Rxd7 Rxa2 35. Rd2 Ra1+ 36. Kg2 Bb4 37. Rd8+ Kf7 38. Rd7+ Ke6 39. Rxh7 Rb1 40. Rb7 Kd5 41. Rd7+ Kc6 42. Rd3 1-0

[Event "Calgary CICC op"]
[Site "Calgary CAN"]
[Date "2009.05.16"]
[Round "4"]
[White "Huber, Gregory"]
[Black "O'Donnell, Tom"]
[Result "0-1"]
[WhiteElo "2245"]
[BlackElo "2370"]
[PlyCount "72"]
[GameId "2160767910156756"]
[EventDate "2009.05.14"]
[EventType "swiss"]
[EventRounds "9"]
[EventCountry "CAN"]
[SourceTitle "CBM 130 Extra"]
[Source "ChessBase"]
[SourceDate "2009.07.02"]
[SourceVersion "2"]
[SourceVersionDate "2009.07.15"]
[SourceQuality "1"]

1. e4 c5 2. Nc3 Nc6 3. g3 g6 4. d3 d6 5. Be3 Bg7 6. Qd2 e5 7. h4 h5 8. Bh3 Bxh3 9. Nxh3 Qd7 10. O-O-O Nge7 11. f4 O-O-O 12. Ng5 Rhf8 13. Rhf1 f6 14. Nf3 Nd4 15. fxe5 dxe5 16. Kb1 b6 17. Bh6 Ng8 18. Be3 Kb7 19. Nd5 Ne7 20. Nxe7 Qxe7 21. Bh6 c4 22. Bxg7 Qxg7 23. Qb4 cxd3 24. Rxd3 Nc6 25. Qd2 Rxd3 26. Qxd3 Rd8 27. Qc4 Rd6 28. a3 Qd7 29. Ka2 Qe6 30. Qxe6 Rxe6 31. Kb3 Rd6 32. Kc3 Kc7 33. Nd2 Nd4 34. Nc4 Rc6 35. Kd3 Nxc2 36. Rf2 Ne1+ 0-1

[Event "Calgary CICC op"]
[Site "Calgary CAN"]
[Date "2009.05.16"]
[Round "4"]
[White "Pechenkin, Vladimir"]
[Black "Moloney, Nicholas"]
[Result "1/2-1/2"]
[WhiteElo "2312"]
[BlackElo "2210"]
[PlyCount "56"]
[GameId "2160767910156760"]
[EventDate "2009.05.14"]
[EventType "swiss"]
[EventRounds "9"]
[EventCountry "CAN"]
[SourceTitle "CBM 130 Extra"]
[Source "ChessBase"]
[SourceDate "2009.07.02"]
[SourceVersion "2"]
[SourceVersionDate "2009.07.15"]
[SourceQuality "1"]

1. f4 d5 2. Nf3 Nf6 3. e3 g6 4. b4 Bg7 5. Bb2 O-O 6. Be2 a5 7. b5 a4 8. Na3 c5 9. bxc6 bxc6 10. c4 Nbd7 11. O-O Nc5 12. Ne5 Bd7 13. Nc2 Nfe4 14. d3 Nd6 15. Ba3 Ncb7 16. Rb1 Qc7 17. cxd5 cxd5 18. Nd4 Rfc8 19. Bf3 e6 20. Qd2 Be8 21. Rfc1 Qd8 22. Qb4 Rxc1+ 23. Rxc1 Rc8 24. Rxc8 Qxc8 25. Bd1 f6 26. Bg4 Nf5 27. Bxf5 gxf5 28. Nef3 Qd7 1/2-1/2

[Event "Calgary CICC op"]
[Site "Calgary CAN"]
[Date "2009.05.16"]
[Round "4"]
[White "Peter, Steven"]
[Black "Gardner, Robert"]
[Result "1/2-1/2"]
[WhiteElo "2264"]
[BlackElo "2143"]
[PlyCount "99"]
[GameId "2160767910156761"]
[EventDate "2009.05.14"]
[EventType "swiss"]
[EventRounds "9"]
[EventCountry "CAN"]
[SourceTitle "CBM 130 Extra"]
[Source "ChessBase"]
[SourceDate "2009.07.02"]
[SourceVersion "2"]
[SourceVersionDate "2009.07.15"]
[SourceQuality "1"]

1. e4 d6 2. d4 Nf6 3. Nc3 g6 4. Be3 Bg7 5. h3 O-O 6. Nf3 a6 7. a4 Nc6 8. Be2 e5 9. d5 Ne7 10. O-O Ne8 11. Qd2 f5 12. exf5 gxf5 13. Bg5 Nf6 14. Nh2 Qe8 15. f4 e4 16. g4 Qf7 17. Rad1 b6 18. gxf5 h6 19. Bxf6 Qxf6 20. Nxe4 Qxf5 21. Bg4 Qxe4 22. Rfe1 Qxd5 23. Rxe7 Qc5+ 24. Kg2 Bb7+ 25. Bf3 Bxf3+ 26. Nxf3 Bf6 27. Qd3 Rf7 28. Qg6+ Rg7 29. Rxg7+ Bxg7 30. Re1 d5 31. Nh4 Rf8 32. Qe6+ Kh7 33. Qg6+ Kh8 34. Qd3 Kg8 35. Ng6 Rf6 36. Re8+ Kf7 37. Re7+ Kg8 38. Re8+ Kf7 39. Re7+ Kg8 40. Rd7 Re6 41. Ne5 Rd6 42. Re7 Rf6 43. Re8+ Rf8 44. Rxf8+ Bxf8 45. Qg6+ Bg7 46. Ng4 Qd4 47. Nxh6+ Kh8 48. Nf7+ Kg8 49. Nh6+ Kh8 50. Nf7+ 1/2-1/2